[Event "HUN-ch"]
[Site "Lillafured"]
[Date "1999.02.04"]
[Round "4"]
[White "Horvath, Csaba"]
[Black "Almasi, Zoltan"]
[Result "0-1"]
[WhiteElo "2524"]
[BlackElo "2665"]
[Annotator "Ribli,Z"]
[PlyCount "128"]
[EventDate "1999.02.01"]
[EventType "tourn"]
[EventRounds "9"]
[EventCountry "HUN"]
[EventCategory "13"]
[SourceTitle "CBM 070"]
[Source "ChessBase"]
[SourceDate "1999.06.08"]
[SourceVersion "1"]
[SourceVersionDate "1999.06.08"]
[SourceQuality "1"]

{[%mdl 96]} 1. Nf3 c5 2. c4 Nc6 3. Nc3 Nf6 4. e3 e5 {Mit diesem Zug
durchbricht Schwarz die Symmetrie. Stattdessen wäre 4...e6 5.d4 d5 eine
bekannte Grundstellung der Tarrasch-Verteidigung. Ribli.} 5. b3 {Dieser Zug
erscheint mir weniger logisch als die Alternativen. Nach 5...e5 hat der Läufer
auf b2 keine rosige Zukunft.} (5. d4 {Das ist die prinzipielle Fortsetzung,
aber Schwarz bekommt ausreichendes Spiel.} cxd4 6. exd4 e4 7. Ng5 Bb4 8. d5 Ne5
9. Bd2 Qe7 10. Ncxe4 Nxe4 11. Nxe4 Nxc4 12. Bxc4 Qxe4+ 13. Qe2 Bxd2+ 14. Kxd2
Qxe2+ 15. Kxe2 d6 {1/2-1/2 Piket,J-Almasi,Z/Groningen 1998/CBM 69_07 (25)}) (5.
a3 $5 d6 (5... Be7 6. Qc2 O-O 7. b3 Re8 8. Bb2 Bf8 9. Nd5 g6 10. Nxf6+ Qxf6 11.
Bd3 d6 $11 {Schwarz hat eine theoretische Felderschwäche auf d5, aber ist ohne
große Bedeutung. Er hatte gleiche Chancen in der Partie Wells,P - Lautier,J,
Österr.Mannschaftsmeisterschaft.}) 6. Be2 g6 7. d4 $14 {Kramnik,V-Kamsky,G/
PCA-Wch New York/1994/CBM42/}) 5... g6 $5 {Meines Erachtens ist diese
Läuferentwicklung die beste schwarze Möglichkeit.} (5... Be7 6. Bb2 O-O 7. Qb1
(7. a3 d5 8. cxd5 Nxd5 9. Qc2 Nxc3 10. Bxc3 Qd6 11. Bb5 f6 12. O-O Be6 13. Rfe1
Rac8 14. Bc4 f5 15. e4 f4 16. Qb2 Bf6 17. Bxe6+ Qxe6 18. b4 g5 19. h3 g4 20.
hxg4 Qxg4 21. bxc5 Rc7 22. Kf1 Rg7 23. Ke2 Kh8 24. Rh1 Qe6 25. Qa2 Qxa2 26.
Rxa2 Rxg2 27. Rh5 {1-0 Ornstein,A-Vadasz,L/Skara 1980/Inf 29 (41)}) 7... d6 8.
Be2 Re8 9. Ng5 h6 10. Nge4 Nxe4 11. Qxe4 Bf8 12. O-O Rb8 13. f4 Nd4 14. exd4
exd4 15. Qd3 dxc3 16. Bxc3 Bf5 17. Qxf5 Rxe2 18. Qd3 Re8 19. f5 {1-0 Bischoff,
K-Arkhipov,S/Munich 1993/TD (48)}) (5... d5 6. cxd5 Nxd5 7. Nxd5 Qxd5 8. Bc4
Qd8 9. Bb2 Bd6 10. Qb1 Qf6 11. Bd5 Bf5 12. Be4 Bxe4 13. Qxe4 Qg6 14. Qxg6 hxg6
15. Ke2 f6 16. d3 Kf7 {1/2-1/2 Murrey,J-Polgar,Z/New York 1989/CBM 12 (47)}) 6.
Bb2 Bg7 7. Nd5 $6 {Dieser Zug gefällt mir nicht. Natürlich kann Schwarz kann
sofort nicht auf d5 nehmen, aber nach der schwarzen Antwort hat Weiß stets
Probleme mit seinem Springer, so daß er schließlich selbst tauschen muß und
Zeit verloren hat.} (7. Be2 O-O 8. d3 d5 9. cxd5 Nxd5 10. Rc1 (10. Nxd5 Qxd5
11. O-O $13) 10... Be6 11. O-O b6 12. Qc2 Rc8 13. Qb1 f5 14. Qa1 (14. Rfd1 $5)
14... Qe7 15. Nb1 Bf7 16. Nbd2 Rfe8 17. Rfe1 Rcd8 18. a3 Na5 19. Bd1 g5 {
0-1 Ibragimov,I-Tregubov,P/Elista 1994/CBM 44/[Ribli] (32)}) (7. Rc1 O-O 8. a3
Re8 9. d3 b6 10. Be2 Bb7 11. e4 d6 12. O-O Nd7 13. Nd2 Nf8 14. Nd5 Ne6 15. Bg4
Ncd4 {1/2-1/2 Hort,V-Schussler,H/BL8384 1984/GER-chT (55)}) 7... d6 8. Nxf6+ (
8. Be2 Nxd5 9. cxd5 Ne7 10. e4 {Schwarz hat eine bequeme Stellung.}) 8... Bxf6
9. d3 (9. d4 $2 exd4 10. exd4 O-O $17 {[%csl Rb2,Rd4,Re1][%cal Gf6b2,Gc8g4,
Gg4d1,Gf8e8,Ge8e1]}) 9... O-O $11 {Der Punkt d5 war ein positionelles Loch in
der schwarze Stellung, aber im folgenden kann er ...d6-d5 mit Raumvorteil
ziehen.} 10. Be2 Bg7 11. Qc2 (11. e4 f5 $15) 11... d5 12. cxd5 (12. O-O d4 $15
{Schwarz hat großen Raumvorteil und der b2-Läufer steht besonders schlecht.})
12... Qxd5 13. O-O b6 14. a3 Bb7 $15 {Schwarz kontrolliert mehr Raum. Weiß
spielt die sogenannte Igelstellung. Er hat eine feste, aber passive Stellung.}
15. Bc3 Rac8 {[%cal Gc8c2] Jetzt droht das typische Motiv 16...Nd4.} 16. Qb2 (
16. Rfd1 Nd4 17. Bxd4 (17. exd4 cxd4 $19 {[%csl Rc2,Rc3]}) 17... cxd4 $17)
16... a5 {[%csl Rc3][%cal Rb6b5,Rb5b4]} 17. a4 {[%csl Yb4] Wenn Weiß diesen
Zug nicht spielt, kann Schwarz mit ...b6-b5 seinen Raumvorteil am Damenflügel
ausbauen.} Rfe8 18. Rfd1 {[%cal Gd1d5]} Qe6 {Schwarz räumt das Feld d5 für
seine Schwerfiguren.} 19. Ng5 Qe7 20. Ne4 {Weiß provoziert ...f7-f5, um so zu
Gegenspiel zu kommen.} Nb4 {[%csl Gb4] Das Feld b4 ist eine dauerhafte
Schwäche im weißen Lager.} 21. Rac1 Nd5 22. Be1 Rcd8 (22... f5 23. Nc3) 23. Qb1
Bh6 {[%csl Re3][%cal Gd5e3,Gh6e3]} 24. Nd2 (24. Bd2 f5 25. Nc3 (25. Ng3 f4 $36)
) 24... Nb4 {Schwarz riskiert nichts. Er möchte im positionellen Stil zum
Erfolg kommen, aber die Alternative war auch sehr chancenreich.} (24... Bxe3 $5
25. fxe3 Nxe3 $40 {[%csl Gb7,Rd1,Ge3,Rg2]}) 25. Nc4 {[%csl Gc4][%cal Rc4b6]}
Qe6 26. Bc3 Bg7 27. Bf1 h5 $1 {Schwarz demonstriert, daß er auch am
Königsflügel die besseren Chancen hat.} 28. Qa1 Bd5 29. Rd2 Kh7 30. Re1 Re7 {
Schwarz hat positionelles Übergewicht. Wir sehen jetzt einen typischen
Manöverkampf. Mit kleinen positionellen Zügen verbessert Schwarz die Stellung.}
31. Red1 f6 32. Qb1 Red7 33. Qa1 $138 Qc6 34. Qb1 Be6 {[%cal Ge6g4,Gg4d1] Es
droht noch nichts, aber Weiß muß mit 35...Bg4 rechnen.} 35. h3 Bf5 {[%csl Gb4,
Rd3,Gd7,Gd8,Gf5] Der d3-Bauer ist immer eine Schwäche in derartigen
Igelstellungen, aber in unserer konkreten Stellung kann Weiß sie verteidigen.}
36. Be2 Qc7 37. g4 $6 {Weiß verliert seine Geduld und sein erster "aktiver"
Zug schwächt die Königsstellung. Ich denke, es war besser, weiter abzuwarten.}
(37. Bxb4 axb4 38. Bf3 $5) (37. Bb2) 37... hxg4 38. hxg4 Be6 {[%csl Rg1]} 39.
Bf3 (39. Kg2 Bh6 $15) 39... Bh6 $1 {[%cal Gh6d2]} 40. Kg2 Bd5 41. Be4 (41. Bxb4
axb4 42. Bxd5 Rxd5 $15) 41... Kg7 42. Kf1 $2 {Weiß möchte den König nach e2
stellen, aber Schwarz kann die Figuren entsprechend umgruppieren.} (42. Bxb4
axb4 43. Bxd5 Rxd5 $15) 42... Be6 43. Bf3 Bg5 {[%cal Gd8h8,Gh8h1]} 44. Ke2 Nc6
$1 {[%csl Re2][%cal Gc6d4] Schwarz droht früher oder später tödlich ...Nd4+.}
45. Ra2 Re7 {[%csl Re2][%cal Ge7e2]} (45... Nd4+ 46. exd4 exd4 47. Bd2) 46. Nd2
{[#]} Nd4+ $1 $17 {[%csl Gd4,Re2]} 47. Bxd4 (47. exd4 exd4 $19 {[%csl Rc3,Re2]
[%cal Rd4c3,Re7e2]}) 47... exd4 {[%csl Re2][%cal Gg5d2]} 48. Ne4 (48. e4 Rh8
$17) 48... dxe3 49. Nxg5 (49. fxe3 Qh2+ 50. Nf2 Bxe3 51. Kxe3 Bxb3+ $19) 49...
fxg5 50. Qa1+ Rd4 $1 {Schwarz hat keine Angst vor der Fesselung in der a1-h8
Diagonalen.} 51. fxe3 {[%csl Rd4,Re2][%cal Ga1g7]} Bxb3 {[%csl Gb3,Re2][%cal
Ge7e2,Rb3a2,Rb3d1,Rc7h2]} 52. Kd2 Qh2+ 53. Kc1 Bxa2 (53... Qxa2 54. Qxa2 Bxa2
55. exd4 cxd4 $19) 54. exd4 Qf4+ $19 {[%cal Rf4f3,Rf4c1]} 55. Kb2 Qxf3 56. Kxa2
Qd5+ {[%csl Ra1,Ra2] Materiell ist die Lage des Weißen noch annehmbar, aber
seine Stellung ist katastrophal. Die Dame auf a1 und der König stehen
miserabel.} 57. Ka3 cxd4 {Schwarz hat eine Gewinnstellung.} 58. Qb2 Qd6+ 59.
Ka2 Qe6+ {[%cal Re6g4,Re6a2]} 60. Ka3 Qxg4 {[%csl Rd1][%cal Rg4d1]} 61. Rc1 Qf4
{[%cal Gg5g4,Gg4g3,Gg3g2]} 62. Rc6 Re3 {[%csl Ra3,Rd3]} 63. Qc2 Qg3 {[%csl Rd3]
[%cal Rg3a3]} 64. Rc7+ Kh6 {Und Weiß gab in verlorener Stellung auf.} 0-1

[Event "EU-ch 2nd"]
[Site "Ohrid"]
[Date "2001.06.03"]
[Round "3"]
[White "Tkachiev, Vladislav"]
[Black "Mikhalevski, Victor"]
[Result "1-0"]
[WhiteElo "2672"]
[BlackElo "2523"]
[Annotator "Ribli,Z"]
[PlyCount "99"]
[EventDate "2001.06.01"]
[EventType "swiss"]
[EventRounds "13"]
[EventCountry "YUG"]
[SourceTitle "CBM 084"]
[Source "ChessBase"]
[SourceDate "2001.09.13"]
[SourceVersion "1"]
[SourceVersionDate "2001.09.13"]
[SourceQuality "1"]

1. c4 c5 2. g3 Nf6 3. Bg2 d5 {Meiner Meinung nach ist diese Spielweise - wenn
der weiße Königsspringer noch auf g1 steht und die Diagonale des Bg2 geöffnet
ist - weniger zu empfehlen.} 4. cxd5 Nxd5 5. Nc3 Nc7 6. Qa4+ {Ich halte dieses
Schach für stärker als das früher oft gespielte 6.Qb3.} (6. Qb3) 6... Qd7 (6...
Nd7 7. Nf3 $14) (6... Bd7 7. Qb3 Bc6 (7... Nc6 8. Qxb7 Nd4 9. Kf1 $16) 8. Bxc6+
Nxc6 9. Qxb7 Nd4 10. Qe4 $16 (10. Rb1)) 7. Nf3 {Weiß fürchtet nicht den
Abtausch der Damen.} (7. Qxd7+) 7... Qxa4 (7... Nc6 {Ich muss darauf hinweisen,
dass wir durch Zugumstellung die Variante mit Nf3-Nc6 - z.B.: 1.c4 c5 2.Nf3
Nf6 3.Nc3 Nc6 4.g3 d5 5.cxd5 Nxd5 6.Bg2 Nc7 7.Qa4 erreicht haben. Bei dieser
Zugfolge kann Schwarz am besten mit 7...Bd7 fortsetzen, aber in unserer Partie
steht die Dame auf d7.} 8. O-O e5 9. e3 $14 {Anschließend kann Weiß Rd1-d4
spielen.}) 8. Nxa4 Nd7 (8... Ne6 9. b3 Nc6 10. Ba3 Nb4 11. Kd1 a5 12. Nb6 Rb8
13. Nxc8 Rxc8 14. Ne5 Rb8 15. Nc4 b6 16. Bb2 Nd8 17. Be5 {1-0 Ivanchuk,V-Van
Wely,L/Frankfurt 2000/CBM 76 ext (17)}) (8... e6 9. d4 $14 {[%csl Rc7]}) 9. d4
{Weiß hat Entwicklungsvorsprung und öffnet daher die Stellung. Bei Schwarz
steht nicht nur der Nc7 unglücklich, seine gesamte Entwicklung scheint
problematisch.} cxd4 10. Nxd4 $14 {[%csl Gg2][%cal Gg2a8]} e5 {Dieser Zug
schwächt das Feld d5 aber so gewinnt Schwarz Zeit. Er kann seinen Bf8 nun mit
Tempo entwickeln.} (10... e6 11. O-O Be7 12. Rd1 $14) 11. Nb3 Bb4+ 12. Bd2
Bxd2+ 13. Kxd2 {Weiß verfügt über ausgezeichnetes Figurenspiel - sein Bg2 ist
der Stolz in seiner Stellung. In der Folge kann er Rhc1 und Nc5 spielen, mit
spürbarem positionellen Druck.} Nb6 14. Rhc1 (14. Nxb6 axb6 15. Rhc1 $14) 14...
Ne6 (14... Nxa4 $2 15. Rxc7 Nxb2 16. Rac1 Be6 17. Bxb7 Rd8+ 18. Kc2 Nc4 (18...
Na4 19. Bc6+ $18) 19. Bc6+ Kf8 20. Rxa7 $16) 15. Nac5 $1 {[%mdl 32]
Positioneller Druck ist wichtiger als eine bessere Bauernstruktur! Weiß
verzichtet auf den Springertausch auf b6.} (15. Nxb6 axb6 $14 {Weiß hat zwar
die bessere Bauernstruktur, aber es ist nicht leicht für ihn, seine Stellung
weiter zu verbessern.}) 15... Rb8 (15... Nxc5 16. Rxc5 $16) 16. Na5 {[%csl Ga5,
Gc5,Gg2]} Nxc5 (16... Nd8 17. Rc3 $14) 17. Rxc5 f6 (17... Nd7 18. Rc7 $16 {
Den schwarzen Figuren fehlt fast jede Koordination.}) 18. Rac1 O-O 19. Rc7 Be6
20. b3 {Weiß muss sich nicht beeilen - der Pb7 läuft nicht weg. Der Textzug
ist stark - er schränkt sowohl die Aktivität des Be6 als auch des Nb6 ein.} (
20. a3) 20... Rfd8+ 21. Ke1 (21. Ke3 $6 Nd5+ $132) 21... Bd5 {Schwarz kann
seinen Bb7 nicht verteidigen.} (21... Nd5 22. Rxb7 Rxb7 23. Nxb7 $16) 22. Bxd5+
Nxd5 23. Rxb7 Rxb7 24. Nxb7 $16 {[%mdl 4096] Weiß hat einen Mehrbauern und die
aktivere Figurenstellung.} Rd7 (24... Rb8 25. Na5 $16 (25. Nd6 $16)) 25. Rc8+
Kf7 26. Nc5 Nb6 (26... Rc7 27. Rxc7+ Nxc7 28. Kd2 $16) 27. Rc6 $5 {Weiß möchte
die Türme auf dem Brett halten, da sein Turm aktiver ist.} (27. Nxd7 Nxc8 $16)
27... Re7 28. e4 {Dieser Zug entzieht dem schwarzen Springer das Feld d5.} Nd7
29. Nb7 (29. Nxd7 $6 {Im Turmendspiel hätte Schwarz etwas bessere
Verteidigungschancen.} Rxd7 30. Ra6 Ke7 $14) 29... Nf8 (29... Nb6 30. Nd6+ Kg6
31. a4 $18 {[%csl Rb6]}) 30. Nd6+ Kg6 (30... Kg8 31. Nc8 Rd7 32. Ra6 $18) 31.
Nc8 {[%csl Ra7,Gc6,Gc8] Das Zusammenspiel von Turm und Springer ist sehr gut.
Schwarz kann seinen Pa7 nicht halten.} Re8 (31... Rd7 32. Ra6 Rd4 33. f3 $18)
32. Nxa7 Ra8 33. Ra6 Ne6 34. Ra5 Ng5 35. Nc6 (35. Ra4 Nxe4 36. Rxe4 Rxa7 37. a4
$18) 35... Rxa5 (35... Rc8 36. Ne7+ $18 {[%cal Re7c8,Re7g6]}) (35... Re8 36.
Ra4 $18) 36. Nxa5 Nxe4 37. Nc4 $18 {[%csl Ga2,Gb3] Weiß hat zwar nur einen
Bauern mehr, aber dank der verbundenen Freibauern steht er auf Gewinn.} Kf5 38.
f3 Nc3 39. a4 Ke6 40. Kd2 Na2 41. Nb2 {[%cal Gb2d3]} Kd5 (41... Nb4 42. Kc3
Nd5+ 43. Kc4 Kd6 44. a5 $18) 42. Nd3 {[%csl Ra2] Damit schränkt Weiß den
Wirkungskreis des Na2 weiter ein.} Kd4 43. a5 Nc3 44. Nc5 {Droht 45.Ne6+.} Nb1+
(44... Nb5 45. Ne6+ Kd5 46. Nxg7 $18) 45. Kc1 (45. Kc2 $18) 45... Nc3 46. Ne6+
Ke3 47. Nc7 {[%csl Gc7][%cal Ra5a6,Ra6a7,Ra7a8]} Ne2+ 48. Kb2 Nd4 49. a6 Nc6
50. b4 {[%csl Ga6,Gb4]} 1-0

[Event "EU-chT (Men) 11th"]
[Site "Pula"]
[Date "1997.05.??"]
[Round "3.4"]
[White "Minasian, Artashes"]
[Black "Grosar, Aljosa"]
[Result "1-0"]
[WhiteElo "2550"]
[BlackElo "2495"]
[Annotator "Ribli,Z"]
[PlyCount "95"]
[EventDate "1997.05.05"]
[EventType "team-swiss"]
[EventRounds "9"]
[EventCountry "CRO"]
[SourceTitle "CBM 057 Extra"]
[Source "ChessBase"]
[SourceDate "1997.05.01"]
[SourceVersion "1"]
[SourceVersionDate "1997.05.01"]
[SourceQuality "1"]
[WhiteTeam "Armenia"]
[BlackTeam "Slovenia"]
[WhiteTeamCountry "ARM"]
[BlackTeamCountry "SLO"]

1. c4 c5 2. g3 Nf6 3. Bg2 d5 4. cxd5 Nxd5 5. Nc3 Nc7 6. Nf3 {Dieser Zug führt
zu Hauptvarianten. Meiner Meinung nach hätte Weiß hier den Umstand , daß sein
Springer noch nicht entwickelt war, ausnutzen und mit 6.Qb3 fortsetzen können.
Ribli.} Nc6 7. d3 e5 8. Nd2 Bd7 9. O-O Be7 10. Nc4 {[%csl Yd4,Yd5] Das ist
eine aus der Sizilianischen Verteidigung bekannte Maroczy-Stellung mit
vertauschten Farben.Ribli.} f6 11. f4 b5 {Dieser scharfe Zug eröffnet Schwarz
Möglichkeiten auf beiden Seiten.Ribli.} 12. Ne3 exf4 (12... Rc8 13. fxe5 (13.
a4 $5 b4 14. Nb5 $5 exf4 15. Nf5 (15. Nxc7+ $6 {Hjartarsson,J-Sokolov,A/
Rotterdam WCup/1989/CBM13/INF47,60/}) 15... Bxf5 16. Bxc6+ Bd7 17. Bxd7+ Qxd7
18. Nxc7+ Rxc7 19. Bxf4 Rc6 20. Rc1 h5 {Szilagyi,P-Pinter,J/HUN-chT 1992/0-1 
(69)}) (13. Bd2 O-O 14. Rc1 exf4 15. gxf4 Kh8 16. Ne4 Ne6 17. Nf5 Ncd4 18. Nfg3
f5 19. Nc3 b4 {0-1 Anic,D-Horvath,J/Cannes op 1994 (39)}) 13... Nxe5 14. Nf5
O-O $13 15. Kh1 Re8 16. Ne4 Bc6 17. Bf4 Bf8 18. a4 a6 $5 19. axb5 axb5 20. Rc1
Qd7 {1/2-1/2 Illescas Cordoba,M-Topalov,V/Linares 1994 (40)}) 13. Nf5 $5 {[#]}
(13. gxf4 Rb8 14. a4 (14. Ned5 Nxd5 15. Nxd5 O-O 16. Be3 Nd4 17. Rc1 (17. Bf2
Bg4 18. Re1 Re8 $15 {Haefner,T-Behrhost,F/BL 8687/}) 17... Be6 (17... a5 18.
Bxd4 cxd4 19. Qe1 $14 {Barbero,G-Pinter,J/HUN chT/9192/}) 18. Bxd4 cxd4 19. Nc7
Bf7 20. Qd2 Bd6 21. Na6 Rc8 22. Rxc8 Qxc8 23. Nb4 Re8 $13 {Schwartzman,
G-Hansen,L/Wijk-B 1994/1-0 (74)}) (14. Bd2 $5 O-O 15. f5 Nd4 16. Kh1 Qc8 $6 17.
Ned5 Bd6 $2 18. Bf4 $1 $18 {1-0 Illescas Cordoba,M-De la Villa Garcia,J/
Barcalona/1990/EXP19/}) 14... a6 (14... b4 15. Ncd5 O-O 16. Nc4 Be8 17. Nxc7
Qxc7 18. Bd5+ Bf7 19. Bxf7+ Rxf7 20. b3 f5 21. Bb2 Bf6 {1/2-1/2 Maksimenko,
A-Kragelj,I/Nova Gorica 1996 (47)}) 15. axb5 axb5 16. Ned5 O-O 17. Nxc7 Qxc7
18. Nd5 Qd8 19. Be3 Kh8 {Ljubojevic,L-Lautier,J/Monaco blind 1996/1/2-1/2 (63)}
) 13... b4 {Ein von GM Lautier in die Turnierpraxis eingeführter Zug.Ribli.} (
13... f3 14. Bxf3 O-O 15. Nxe7+ Qxe7 16. Bf4 Ne6 17. Nxb5 Nxf4 18. gxf4 Rab8
19. Qc1 Kh8 20. Nc3 Nd4 {Van der Sterren,P-Farago,I/Amsterdam OHRA-B 1987/1/
2-1/2 (54)}) (13... fxg3 14. Nxg7+ Kf7 15. Nf5 gxh2+ 16. Kh1 Nd4 $5 $13) 14.
Nxe7 Qxe7 15. Ne4 $146 {[#]} (15. Bxf4 bxc3 16. Bxc7 Rc8 17. Bf4 cxb2 18. Rb1
O-O 19. Rxb2 Nd4 {[%csl Gd4][%cal Ye7e2,Yd4e2] 1/2-1/2 Akopian,V-Leko,P/Ubeda
1997 (54)}) 15... Ne6 {Der Partiezug führt ebenfalls zu sehr unklaren
Verwicklungen, aber ich denke, die Annahme des Bauernopfers bietet Schwarz die
besten Möglichkeiten.Ribli.} (15... fxg3 16. Bf4 Ne5 17. Rc1 Ne6 18. Bxe5 fxe5
19. e3 gxh2+ 20. Kh1 h5 21. Qf3 Bc6 {Nikolaidis,I-Lautier,J/Erevan olm 1996/
0-1 (73)}) 16. gxf4 {Wir haben eine zweischneidige Stellung. Schwarz hat nur
zwei Bauerninseln,Weiß drei, aber die Bauern auf c5 und b4 sind eher schwach.
Schwarz kontrolliert eindeutig das wichtige Zentrumsfeld d4, während Weiß das
Läuferpaar und insbesondere den starken Bg2 vorweisen kann.Ribli.} O-O (16...
f5 $5 17. Ng5 Nxg5 (17... O-O) 18. fxg5 O-O $13) 17. f5 {[%csl Gf5]} Ned4 18.
Ng3 Rac8 {Die ideale Turmaufstellung wäre Rad8 und Rfe8, aber in diesem Fall
hätte der Bd7 keine Möglichkeit, das Feld f7 zu erreichen.Ribli.} 19. Rf4 {
[%cal Yf4h4,Yh4h7]} Rfd8 20. e3 Nb5 21. Bd5+ Kf8 (21... Kh8 22. Qh5 $40 Be8 $2
23. Qxh7+ Kxh7 24. Rh4+ $18) 22. Rh4 {[%csl Gd5,Rf8][%cal Gd5g8]} Qe5 (22... g6
{Dieser Zug verteidigt Ph6, schwächt aber auch viele Felder am Königsflügel.
Ribli.}) 23. e4 Be8 (23... Ne7 $5 24. Rxh7 Nxd5 25. Bh6 Ke7 $13 (25... Qd4+ 26.
Kh1 Ke7 $13) (25... gxh6 26. Qg4 {[%csl Rf8][%cal Rg4g7]} Qe7 27. Rh8+ Kf7 28.
Qg6#)) 24. Be6 $5 (24. Rxh7 Rxd5 $5 25. exd5 Qd4+ 26. Kf1 Qxd5 $44 {[%csl Rd3,
Rf5][%cal Ye8c6,Yc6h1]}) 24... Qd4+ 25. Kg2 Rc7 26. Ne2 {[%cal Re2d4,Re2f4]
Der weiße N strebt das Idealfeld f4 an.} (26. Rxh7 Qxd3 27. Qxd3 Rxd3 {[%csl
Gd3,Yd4]}) 26... Qxd3 27. Qxd3 Rxd3 28. Nf4 $14 {[%cal Yf4e6,Ye6c7,Ye6f8] Der
weiße Damenflügel ist noch nicht entwickelt, aber der weiße Springer
kontrolliert sehr wichtige weiße Felder. Die schwarze Königsstellung ist
geschwächt.Ribli.} Ne5 $5 {Das ist die beste Gegenchance! Schwarz opfert die
Qualität und mobilisiert seine Bauern am Damenflügel.Ribli.} (28... Rd6 29.
Rxh7 {[%csl Rf8][%cal Rf4d5]} (29. Nd5 {[%csl Gd5]}) 29... Ncd4 30. Rh8+ Ke7
31. Nd5+ $16) 29. Rxh7 c4 {[%cal Yc4c1]} 30. Nd5 (30. Nxd3 cxd3 {[%csl Gd3,Ge4,
Ge5,Re6,Rg2][%cal Rc7c2]}) 30... Rxd5 $8 31. exd5 Nd3 32. Be3 Nd6 {[%csl Gd3,
Gd6,Re6]} 33. Kf3 {Weiß hat mit seinen Türmen und dem Läuferpaar
Angriffschancen. Aber es ist nicht so leicht, da Schwarz mit seinen Springern
die wichtigsten Felder unter Kontrolle hat. Es ist sehr schwierig zu
beurteilen, ob der weiße Be6 gut oder schlecht ist. Er steht dort sehr massiv,
kann sich jedoch auch nicht bewegen.Ribli.} Bf7 34. Rh8+ Ke7 35. Rg1 {[%cal
Rg1g7]} g5 {[#]} 36. Rxg5 $1 Ne5+ (36... fxg5 37. Bxg5#) (36... Bxe6 37. fxe6
fxg5 38. Bxg5#) 37. Ke2 {[%csl Re7]} c3 {Das ist die einzige Gegenchance für
Schwarz.} 38. bxc3 Rxc3 $6 (38... bxc3 $142 {[%cal Yc3c1] bietet Schwarz
größere Rettungschancen.}) 39. Rg7 Rc2+ 40. Kd1 Rxa2 41. Bc5 {[%cal Yc5e7,
Yc5b4,Gg7e7,Gh8a8] Das Eingreifen des Läufers entscheidet die Partie.Ribli.} b3
(41... a5 42. Rb8) 42. Rb8 {[%cal Rb8b7,Rb7f7]} Ra1+ 43. Ke2 Ra2+ 44. Ke3 b2
45. Bxf7 $18 {Der schwarze König ist hilflos gegen die vielseitigen Drohungen.
Ribli.} Nexf7 46. Bxd6+ Kxd6 47. Rxf7 a5 48. Rfb7 {Schwarz gab auf.Ribli.} 1-0